| 000 | 00621nam a2200253Ia 4500 | ||
|---|---|---|---|
| 003 | AR-RoIUNI | ||
| 005 | 20241122062604.0 | ||
| 008 | 150616s9999 xx 000 0 und d | ||
| 020 | _a9871176074 | ||
| 040 | _cIUNIR | ||
| 040 |
_dOCLC _cIUNIR |
||
| 080 | _a616 FER | ||
| 100 | 1 |
_aFernández, Carlos _9276 _cDr. |
|
| 245 | 1 |
_aAtencion primaria de la salud _bUna experiencia curricular |
|
| 250 | _a1a. ed. | ||
| 260 | _aTucuman | ||
| 260 | _bEdiciones del Rectorado | ||
| 260 | _c2005 | ||
| 300 | _a197 p. | ||
| 300 | _c22 cm. | ||
| 650 | 1 | 0 |
_aMedicina _958 |
| 650 | 1 | 0 |
_9218 _aMedicina interna |
| 942 |
_cBK _2cdu |
||
| 999 |
_c741 _d741 |
||